|
|
|
|
| LEADER |
00000cam a2200000 a 4500 |
| 001 |
vtls010199402 |
| 003 |
SK-MaSNL |
| 005 |
20260426005351.0 |
| 008 |
240314s2010 xo l d ap 000 0 eng |
| 015 |
|
|
|a SNBA2011/03-01493
|
| 020 |
|
|
|a 9788080783419
|q (viaz.)
|
| 035 |
|
|
|a 2C4A91B2-0008-4E97-AFA6-F2C879A6370B
|
| 035 |
|
|
|a urn:nbn:sk:snk-amjghp
|
| 035 |
|
|
|a urn:nbn:sk:snk-am001rqb
|
| 040 |
|
|
|a SNK
|b slo
|c SNK
|e AACR2
|
| 041 |
0 |
|
|a eng
|b slo
|b eng
|
| 044 |
|
|
|a xo
|c SK
|
| 072 |
|
7 |
|a 811.111
|x Angličtina
|2 konspekt
|
| 072 |
|
7 |
|a 34
|x Právo
|2 konspekt
|
| 080 |
|
|
|a 811.111
|2 2001
|
| 080 |
|
|
|a 81'36
|2 2001
|
| 080 |
|
|
|a (075)
|2 2001
|
| 080 |
|
|
|a 34
|2 2001
|
| 080 |
|
|
|a 81'373.46
|2 2001
|
| 100 |
1 |
|
|a Bázlik, Miroslav,
|d 1946-2020
|4 aut
|9 226279
|
| 245 |
1 |
0 |
|a A grammar of legal english
|c Miroslav Bázlik, Patrik Ambrus
|
| 250 |
|
|
|a 2nd ed.
|
| 260 |
|
|
|a Bratislava
|b Iura edition
|c 2010
|
| 300 |
|
|
|a 236 s.
|b tab.
|c 22 cm
|
| 504 |
|
|
|a Bibliogr. s. 233-236
|
| 546 |
|
|
|a Res. slov. a angl.
|
| 650 |
0 |
7 |
|a angličtina
|2 SNKPH
|9 1260
|
| 650 |
0 |
7 |
|a gramatika
|2 SNKPH
|9 865
|
| 650 |
0 |
7 |
|a English language
|2 SNKPeng
|9 279139
|
| 650 |
0 |
7 |
|a Grammar
|2 SNKPHeng
|9 278150
|
| 650 |
0 |
7 |
|a právo
|2 SNKPH
|9 976
|
| 650 |
0 |
7 |
|a odborná terminológia
|2 SNKPH
|9 3616
|
| 650 |
0 |
7 |
|a Law
|2 SNKPHeng
|9 265417
|
| 650 |
0 |
7 |
|a Terminology (professional)
|2 SNKPHeng
|9 90966
|
| 655 |
|
7 |
|a štúdie
|2 SNKPH
|9 57033
|
| 655 |
|
7 |
|a Studies
|2 SNKPHeng
|9 265573
|
| 700 |
1 |
|
|a Ambrus, Patrik,
|d 1978-
|4 aut
|9 193940
|
| 852 |
|
|
|a Štátna vedecká knižnica v Banskej Bystrici
|
| 919 |
|
|
|a 978-80-8078-341-9
|
| 958 |
|
|
|a NB
|
| 958 |
|
|
|a OND
|
| 968 |
|
|
|d 81
|
| 999 |
|
|
|c 1006413
|d 1008343
|
| 952 |
|
|
|a SNK
|b SNK
|y PREZ
|7 0
|p 17A0685219
|o snkSC 143595
|i snk2011/1314
|8 0
|0 0
|1 0
|4 0
|d 2011-01-19
|l 0
|r 2025-07-11 00:00:00
|w 2026-02-24
|
| 952 |
|
|
|a SNK
|b SNK
|y VYP
|7 0
|p 17A0685220
|o snkSC 143595 D1
|i snk2011/1315
|8 0
|0 0
|1 0
|4 0
|d 2011-01-19
|l 0
|r 2026-02-24 12:36:05
|w 2026-02-24
|